Every Captain of the Boston Bruins - Statistics

General Stats
  • This quiz has been taken 10 times
  • The average score is 7 of 21
Answer Stats
Captain % Correct
Brad Marchand
100%
Zdeno Chara
88%
Johnny Bucyk
75%
Patrice Bergeron
75%
Milt Schmidt
63%
Raymond Bourque
63%
Terry O'Reilly
63%
Rick Middleton
50%
Dit Clapper
38%
Joe Thornton
38%
Leo Boivin
25%
Lionel Hitchman
25%
Wayne Cashman
25%
Jason Allison
13%
Cooney Weiland
0%
Don McKenney
0%
Ed Sandford
0%
Fernie Flaman
0%
George Owen
0%
Jack Crawford
0%
Sprague Cleghorn
0%
No matching quizzes found
Score Distribution
Percent of People with Each Score
Percentile by Number Answered
Your Score History
You have not taken this quiz